000 00400nam a22001697a 4500
003 MPLRDC
005 20220104144119.0
008 210129b ||||| |||| 00| 0 eng d
082 _a859.4 SNWX
100 _a
245 _a阿拉丁和神灯
_c
260 _a
_b明华出版公司
_c1983
300 _b
490 _a少年文学名著选
650 _a儿童故事
942 _cBK
_o859.4 SNWX
999 _c46487
_d46477